Team Visma | Lease a Bike - Statistics

General Stats
  • This quiz has been taken 8 times
  • The average score is 10 of 29
Answer Stats
Hint Answer % Correct
FRA Christophe Laporte
100%
DEN Jonas Vingegaard
100%
USA Matteo Jorgenson
88%
BEL Wout van Aert
88%
USA Sepp Kuss
75%
ITA Edoardo Affini
63%
BEL Victor Campenaerts
63%
NED Wilco Kelderman
50%
FRA Bruno Armirail
38%
GBR Matthew Brennan
38%
FRA Axel Zingle
25%
ITA Davide Piganzoli
25%
ITA Filippo Fiorelli
25%
NOR Jørgen Nordhagen
25%
NOR Per Strand Hagenes
25%
GBR Simon Yates
25%
NED Steven Kruijswijk
25%
GER Anton Schiffer
13%
NED Bart Lemmen
13%
GBR Ben Tulett
13%
NED Menno Huising
13%
GBR Owain Doull
13%
BEL Timo Kielich
13%
BEL Tim Rex
13%
NED Loe van Belle
0%
FRA Louis Barré
0%
GER Niklas Behrens
0%
ITA Pietro Mattio
0%
NED Tijmen Graat
0%
No matching quizzes found
Score Distribution
Percent of People with Each Score
Percentile by Number Answered
Your Score History
You have not taken this quiz